00720nam a2200145 a 450000100100000000500170001000800410002702000150006804000250008310000290010824500640013726001000020130000430030150502300034400004196620201002035846.0131025s2000 sp a 000 0 spa d a848587305X aDO-SdBNPbspacBNPHU1 aAlmagro Gorbea, Antonio.13aEl Palacio Omeya de 'AMMÂN /cAntonio Almagro...[et. al]. aGranada :bEscuela de Estudios Arabes, CSIC :bReal Academia de Bellas Artes de Granada,c2000. av. (354), p. (134) p. lám. ;c30 cm.2 av. 3tInvestigación arqueológica y restauración, 1989-1997 /rAntonio Almagro, Pedro Jimenéz, Julio Navarro ; con la colaboración de Ignacio Arce, José Antonio Fernéndez, Alvaro Jiménez y Ma. Belén Sánchez